[Event "Stay Safe Play From Home 377"]
[Site "Emanuel Lasker Arena"]
[Date "2020.08.12"]
[Round "6"]
[White "Mepe_Nika"]
[Black "AChessPlayer"]
[Result "0-1"]
[WhiteElo "2373"]
[BlackElo "2434"]
[PlyCount "84"]
[EventDate "2020.08.12"]
[EventType "swiss (blitz)"]

1. d4 {[%emt 0:00:01]} c6 {[%emt 0:00:00]} 2. e4 {[%emt 0:00:01]} Nf6 {[%emt 0:00:00]} 3. e5 {[%emt 0:00:01]} Nd5 {[%emt 0:00:00]} 4. c4 {[%emt 0:00:00]} Nc7 {[%emt 0:00:01]} 5. Nc3 {[%emt 0:00:00]} d6 {[%emt 0:00:00]} 6. Nf3 {[%emt 0:00:01]} Bg4 {[%emt 0:00:01]} 7. Be2 {[%emt 0:00:01]} dxe5 {[%emt 0:00:01]} 8. Nxe5 {[%emt 0:00:01]} Bxe2 {[%emt 0:00:01]} 9. Nxe2 {[%emt 0:00:00]} Nd7 {[%emt 0:00:01]} 10. Bf4 {[%emt 0:00:02]} g6 {[%emt 0:00:03]} 11. h4 {[%emt 0:00:02]} Bg7 {[%emt 0:00:01]} 12. h5 {[%emt 0:00:01]} Nxe5 {[%emt 0:00:01]} 13. Bxe5 {[%emt 0:00:01]} O-O {[%emt 0:00:03]} 14. hxg6 {[%emt 0:00:02]} hxg6 {[%emt 0:00:04]} 15. Bxg7 {[%emt 0:00:00]} Kxg7 {[%emt 0:00:00]} 16. Qd3 {[%emt 0:00:00]} Rh8 {[%emt 0:00:02]} 17. O-O-O {[%emt 0:00:01]} Qd7 {[%emt 0:00:07]} 18. Qe3 {[%emt 0:00:01]} Qd6 {[%emt 0:00:04]} 19. Nf4 {[%emt 0:00:02]} Qf6 {[%emt 0:00:01]} 20. Nd3 {[%emt 0:00:04]} Ne6 {[%emt 0:00:01]} 21. Ne5 {[%emt 0:00:01]} Qf4 {[%emt 0:00:02]} 22. g3 {[%emt 0:00:01]} Qxe3+ {[%emt 0:00:01]} 23. fxe3 {[%emt 0:00:00]} Ng5 {[%emt 0:00:00]} 24. Kd2 {[%emt 0:00:06]} f6 {[%emt 0:00:01]} 25. Nd3 {[%emt 0:00:01]} Ne4+ {[%emt 0:00:01]} 26. Ke2 {[%emt 0:00:02]} Rxh1 {[%emt 0:00:01]} 27. Rxh1 {[%emt 0:00:02]} Nxg3+ {[%emt 0:00:00]} 28. Kf3 {[%emt 0:00:00]} Nxh1 {[%emt 0:00:00]} 29. Kg2 {[%emt 0:00:00]} g5 {[%emt 0:00:00]} 30. Kxh1 {[%emt 0:00:01]} Kg6 {[%emt 0:00:00]} 31. Kg2 {[%emt 0:00:00]} Kf5 {[%emt 0:00:00]} 32. Kf3 {[%emt 0:00:01]} g4+ {[%emt 0:00:00]} 33. Ke2 {[%emt 0:00:01]} Rh8 {[%emt 0:00:03]} 34. Nf4 {[%emt 0:00:03]} Rh2+ {[%emt 0:00:01]} 35. Kd3 {[%emt 0:00:01]} Rxb2 {[%emt 0:00:00]} 36. Nh5 {[%emt 0:00:01]} Kg5 {[%emt 0:00:01]} 37. Ng7 {[%emt 0:00:01]} Rxa2 {[%emt 0:00:01]} 38. Ne6+ {[%emt 0:00:00]} Kh4 {[%emt 0:00:01]} 39. e4 {[%emt 0:00:01]} g3 {[%emt 0:00:01]} 40. Nf4 {[%emt 0:00:01]} Kg4 {[%emt 0:00:01]} 41. Ke3 {[%emt 0:00:03]} Ra3+ {[%emt 0:00:02]} 42. Nd3 {[%emt 0:00:00]} g2 {[%emt 0:00:00] Mepe_Nika resigns Mepe_Nika resigns Mepe_Nika resigns (Lag: Av=0.71s, max=2.0s) (Lag: Av=0.71s, max=2.0s) (Lag: Av=0.71s, max=2.0s)} 0-1

[Event "Stay Safe Play From Home 377"]
[Site "Emanuel Lasker Arena"]
[Date "2020.08.12"]
[Round "6"]
[White "Tolka"]
[Black "CabianoFaruana"]
[Result "1-0"]
[WhiteElo "2326"]
[BlackElo "2038"]
[PlyCount "157"]
[EventDate "2020.08.12"]
[EventType "swiss (blitz)"]

1. e4 {[%emt 0:00:01]} e5 {[%emt 0:00:01]} 2. Nf3 {[%emt 0:00:01]} Nc6 {[%emt 0:00:00]} 3. Bb5 {[%emt 0:00:01]} a6 {[%emt 0:00:01]} 4. Bxc6 {[%emt 0:00:00]} dxc6 {[%emt 0:00:00]} 5. Kf1 {[%emt 0:00:01]} Bd6 {[%emt 0:00:02]} 6. h3 {[%emt 0:00:02]} Ne7 {[%emt 0:00:01]} 7. Kg1 {[%emt 0:00:00]} O-O {[%emt 0:00:00]} 8. Kh2 {[%emt 0:00:00]} f5 {[%emt 0:00:00]} 9. d3 {[%emt 0:00:01]} f4 {[%emt 0:00:01]} 10. Nbd2 {[%emt 0:00:01]} h6 {[%emt 0:00:00]} 11. Nc4 {[%emt 0:00:01]} Ng6 {[%emt 0:00:01]} 12. d4 {[%emt 0:00:03]} Qe7 {[%emt 0:00:01]} 13. dxe5 {[%emt 0:00:01]} Bxe5 {[%emt 0:00:00]} 14. Ncxe5 {[%emt 0:00:01]} Nxe5 {[%emt 0:00:00]} 15. Nxe5 {[%emt 0:00:04]} Qxe5 {[%emt 0:00:00]} 16. Qf3 {[%emt 0:00:00]} Be6 {[%emt 0:00:01]} 17. Bd2 {[%emt 0:00:02]} Rad8 {[%emt 0:00:01]} 18. Bc3 {[%emt 0:00:00]} Qg5 {[%emt 0:00:02]} 19. Rad1 {[%emt 0:00:01]} Bf7 {[%emt 0:00:03]} 20. Qg4 {[%emt 0:00:03]} Qxg4 {[%emt 0:00:01]} 21. hxg4 {[%emt 0:00:00]} Bg6 {[%emt 0:00:01]} 22. f3 {[%emt 0:00:01]} Kf7 {[%emt 0:00:02]} 23. Rhe1 {[%emt 0:00:01]} Rxd1 {[%emt 0:00:02]} 24. Rxd1 {[%emt 0:00:01]} Re8 {[%emt 0:00:01]} 25. Kg1 {[%emt 0:00:01]} Re7 {[%emt 0:00:01]} 26. Kf2 {[%emt 0:00:01]} b6 {[%emt 0:00:01]} 27. Rd8 {[%emt 0:00:02]} Ke6 {[%emt 0:00:01]} 28. Rg8 {[%emt 0:00:01]} Be8 {[%emt 0:00:03]} 29. Rxg7 {[%emt 0:00:01]} Rxg7 {[%emt 0:00:01]} 30. Bxg7 {[%emt 0:00:00]} h5 {[%emt 0:00:00]} 31. gxh5 {[%emt 0:00:03]} Bxh5 {[%emt 0:00:00]} 32. Bh6 {[%emt 0:00:01]} Ke5 {[%emt 0:00:01]} 33. Bg5 {[%emt 0:00:01]} c5 {[%emt 0:00:01]} 34. Ke2 {[%emt 0:00:02]} c6 {[%emt 0:00:01]} 35. Kd3 {[%emt 0:00:01]} b5 {[%emt 0:00:00]} 36. c4 {[%emt 0:00:01]} Bf7 {[%emt 0:00:01]} 37. b3 {[%emt 0:00:01]} a5 {[%emt 0:00:01]} 38. Bd8 {[%emt 0:00:02]} a4 {[%emt 0:00:01]} 39. Bc7+ {[%emt 0:00:00]} Ke6 {[%emt 0:00:02]} 40. Bxf4 {[%emt 0:00:00]} Kf6 {[%emt 0:00:02]} 41. Be3 {[%emt 0:00:01]} bxc4+ {[%emt 0:00:02]} 42. bxc4 {[%emt 0:00:01]} Ke5 {[%emt 0:00:00]} 43. f4+ {[%emt 0:00:02]} Kf6 {[%emt 0:00:01]} 44. Bxc5 {[%emt 0:00:01]} Bh5 {[%emt 0:00:02]} 45. Bd4+ {[%emt 0:00:01]} Ke7 {[%emt 0:00:01]} 46. Ke3 {[%emt 0:00:01]} Bd1 {[%emt 0:00:01]} 47. a3 {[%emt 0:00:01]} Ke6 {[%emt 0:00:01]} 48. f5+ {[%emt 0:00:00]} Kf7 {[%emt 0:00:01]} 49. Kf4 {[%emt 0:00:00]} Bc2 {[%emt 0:00:00]} 50. c5 {[%emt 0:00:00]} Bb3 {[%emt 0:00:01]} 51. g4 {[%emt 0:00:00]} Kg8 {[%emt 0:00:01]} 52. g5 {[%emt 0:00:00]} Kf7 {[%emt 0:00:00]} 53. g6+ {[%emt 0:00:00]} Kg8 {[%emt 0:00:00]} 54. f6 {[%emt 0:00:01]} Be6 {[%emt 0:00:01]} 55. f7+ {[%emt 0:00:01]} Bxf7 {[%emt 0:00:01]} 56. gxf7+ {[%emt 0:00:00]} Kxf7 {[%emt 0:00:00]} 57. Ke5 {[%emt 0:00:00]} Ke7 {[%emt 0:00:01]} 58. Be3 {[%emt 0:00:00]} Kd7 {[%emt 0:00:00]} 59. Bf2 {[%emt 0:00:00]} Ke7 {[%emt 0:00:00]} 60. Bh4+ {[%emt 0:00:00]} Kf7 {[%emt 0:00:00]} 61. Kd6 {[%emt 0:00:01]} Kg7 {[%emt 0:00:00]} 62. Kxc6 {[%emt 0:00:00]} Kg6 {[%emt 0:00:00]} 63. Kb5 {[%emt 0:00:00]} Kh5 {[%emt 0:00:00]} 64. Kxa4 {[%emt 0:00:00]} Kxh4 {[%emt 0:00:00]} 65. Kb5 {[%emt 0:00:00]} Kg4 {[%emt 0:00:00]} 66. a4 {[%emt 0:00:00]} Kf4 {[%emt 0:00:00]} 67. a5 {[%emt 0:00:00]} Kxe4 {[%emt 0:00:00]} 68. a6 {[%emt 0:00:00]} Ke5 {[%emt 0:00:00]} 69. a7 {[%emt 0:00:00]} Kd4 {[%emt 0:00:00]} 70. a8=Q {[%emt 0:00:00]} Ke3 {[%emt 0:00:01]} 71. Qa6 {[%emt 0:00:00]} Kf4 {[%emt 0:00:00]} 72. Kb6 {[%emt 0:00:00]} Kf5 {[%emt 0:00:00]} 73. c6 {[%emt 0:00:00]} Ke6 {[%emt 0:00:00]} 74. c7 {[%emt 0:00:00]} Kd7 {[%emt 0:00:00]} 75. c8=Q+ {[%emt 0:00:00]} Ke7 {[%emt 0:00:00]} 76. Qcb7+ {[%emt 0:00:00]} Ke6 {[%emt 0:00:01]} 77. Qaa8 {[%emt 0:00:00]} Ke5 {[%emt 0:00:01]} 78. Qac8 {[%emt 0:00:00]} Kd4 {[%emt 0:00:00]} 79. Qbd7+ {[%emt 0:00:00] Time Time Time (Lag: Av=0.42s, max=0.8s) (Lag: Av=0.42s, max=0.8s) (Lag: Av=0.42s, max=0.8s) ' ' '} 1-0

[Event "Stay Safe Play From Home 377"]
[Site "Emanuel Lasker Arena"]
[Date "2020.08.12"]
[Round "6"]
[White "MihailoVujic"]
[Black "SoulofWolf"]
[Result "0-1"]
[WhiteElo "2258"]
[BlackElo "2125"]
[PlyCount "100"]
[EventDate "2020.08.12"]
[EventType "swiss (blitz)"]

1. e4 {[%emt 0:00:01]} d5 {[%emt 0:00:00]} 2. exd5 {[%emt 0:00:01]} Nf6 {[%emt 0:00:00]} 3. Nf3 {[%emt 0:00:00]} Nxd5 {[%emt 0:00:01]} 4. d4 {[%emt 0:00:00]} g6 {[%emt 0:00:01]} 5. c4 {[%emt 0:00:01]} Nf6 {[%emt 0:00:01]} 6. Nc3 {[%emt 0:00:00]} Bg7 {[%emt 0:00:00]} 7. Bf4 {[%emt 0:00:01]} O-O {[%emt 0:00:01]} 8. Bd3 {[%emt 0:00:00]} c6 {[%emt 0:00:00]} 9. O-O {[%emt 0:00:01]} Bg4 {[%emt 0:00:02]} 10. Be5 {[%emt 0:00:04]} Nbd7 {[%emt 0:00:01]} 11. h3 {[%emt 0:00:01]} Bxf3 {[%emt 0:00:01]} 12. Qxf3 {[%emt 0:00:00]} Nxe5 {[%emt 0:00:01]} 13. dxe5 {[%emt 0:00:00]} Nd7 {[%emt 0:00:00]} 14. e6 {[%emt 0:00:01]} fxe6 {[%emt 0:00:00]} 15. Qg4 {[%emt 0:00:01]} Nc5 {[%emt 0:00:01]} 16. Bc2 {[%emt 0:00:02]} Qc8 {[%emt 0:00:02]} 17. Rad1 {[%emt 0:00:02]} e5 {[%emt 0:00:01]} 18. Qg3 {[%emt 0:00:03]} Ne6 {[%emt 0:00:01]} 19. h4 {[%emt 0:00:02]} Nd4 {[%emt 0:00:00]} 20. Be4 {[%emt 0:00:02]} Qe6 {[%emt 0:00:01]} 21. Rfe1 {[%emt 0:00:02]} Rad8 {[%emt 0:00:01]} 22. b3 {[%emt 0:00:01]} Qf6 {[%emt 0:00:01]} 23. h5 {[%emt 0:00:01]} g5 {[%emt 0:00:02]} 24. Rd3 {[%emt 0:00:05]} h6 {[%emt 0:00:00]} 25. Rde3 {[%emt 0:00:01]} e6 {[%emt 0:00:03]} 26. Ne2 {[%emt 0:00:01]} Nf5 {[%emt 0:00:03]} 27. Bxf5 {[%emt 0:00:03]} exf5 {[%emt 0:00:00]} 28. Qh3 {[%emt 0:00:04]} g4 {[%emt 0:00:03]} 29. Qh2 {[%emt 0:00:01]} Rfe8 {[%emt 0:00:04]} 30. Nc3 {[%emt 0:00:02]} Rd2 {[%emt 0:00:05]} 31. a4 {[%emt 0:00:03]} Kh7 {[%emt 0:00:02]} 32. a5 {[%emt 0:00:01]} f4 {[%emt 0:00:02]} 33. Ne4 {[%emt 0:00:02]} Qf5 {[%emt 0:00:02]} 34. Nxd2 {[%emt 0:00:01]} fxe3 {[%emt 0:00:01]} 35. Rxe3 {[%emt 0:00:00]} Rd8 {[%emt 0:00:03]} 36. Nf1 {[%emt 0:00:01]} Rd1 {[%emt 0:00:02]} 37. g3 {[%emt 0:00:01]} Qb1 {[%emt 0:00:01]} 38. Qg2 {[%emt 0:00:00]} Re1 {[%emt 0:00:01]} 39. Rxe1 {[%emt 0:00:02]} Qxe1 {[%emt 0:00:00]} 40. Kh2 {[%emt 0:00:01]} Qe2 {[%emt 0:00:01]} 41. Ne3 {[%emt 0:00:00]} Qf3 {[%emt 0:00:01]} 42. Qxf3 {[%emt 0:00:01]} gxf3 {[%emt 0:00:00]} 43. Kh3 {[%emt 0:00:00]} Kg8 {[%emt 0:00:01]} 44. Kg4 {[%emt 0:00:00]} e4 {[%emt 0:00:01]} 45. Kf4 {[%emt 0:00:01]} Bc3 {[%emt 0:00:01]} 46. Kxe4 {[%emt 0:00:00]} Bxa5 {[%emt 0:00:01]} 47. Kxf3 {[%emt 0:00:00]} Bc7 {[%emt 0:00:00]} 48. Ke4 {[%emt 0:00:00]} Kf7 {[%emt 0:00:00]} 49. f4 {[%emt 0:00:00]} Ke6 {[%emt 0:00:00]} 50. g4 {[%emt 0:00:00] . . .} Kf6 {[%emt 0:00:01]} 0-1

[Event "Stay Safe Play From Home 377"]
[Site "Emanuel Lasker Arena"]
[Date "2020.08.12"]
[Round "6"]
[White "Hickey"]
[Black "SelamiSahin"]
[Result "1-0"]
[WhiteElo "2092"]
[BlackElo "2135"]
[PlyCount "45"]
[EventDate "2020.08.12"]
[EventType "swiss (blitz)"]

{- Yarar, Atakan} 1. Nf3 {[%emt 0:00:02]} c6 {[%emt 0:00:00]} 2. g3 {[%emt 0:00:00]} d5 {[%emt 0:00:00]} 3. Bg2 {[%emt 0:00:00]} Nf6 {[%emt 0:00:00]} 4. Kf1 {[%emt 0:00:01]} Bf5 {[%emt 0:00:00]} 5. h4 {[%emt 0:00:01]} h6 {[%emt 0:00:01]} 6. d4 {[%emt 0:00:01]} Qc8 {[%emt 0:00:01]} 7. Bf4 {[%emt 0:00:01]} Nbd7 {[%emt 0:00:01]} 8. Nbd2 {[%emt 0:00:00]} e6 {[%emt 0:00:00]} 9. Kg1 {[%emt 0:00:01]} Ne4 {[%emt 0:00:00]} 10. Nxe4 {[%emt 0:00:02]} Bxe4 {[%emt 0:00:00]} 11. Ne5 {[%emt 0:00:01]} Bf5 {[%emt 0:00:01]} 12. Bf3 {[%emt 0:00:02]} Nxe5 {[%emt 0:00:01]} 13. Bxe5 {[%emt 0:00:00]} Qd7 {[%emt 0:00:01]} 14. Kg2 {[%emt 0:00:01]} Bd6 {[%emt 0:00:02]} 15. Bxd6 {[%emt 0:00:02]} Qxd6 {[%emt 0:00:00]} 16. c3 {[%emt 0:00:00]} c5 {[%emt 0:00:01]} 17. Qd2 {[%emt 0:00:01]} cxd4 {[%emt 0:00:01]} 18. Qxd4 {[%emt 0:00:01]} a6 {[%emt 0:00:01]} 19. Rad1 {[%emt 0:00:02]} O-O {[%emt 0:00:01]} 20. e4 {[%emt 0:00:02]} Bh7 {[%emt 0:00:01]} 21. exd5 {[%emt 0:00:01]} e5 {[%emt 0:00:00]} 22. Qb4 {[%emt 0:00:03]} f5 {[%emt 0:00:02]} 23. Qxd6 {[%emt 0:00:02] Zaman Zaman Zaman (Lag: Av=0.61s, max=0.8s) (Lag: Av=0.61s, max=0.8s) (Lag: Av=0.61s, max=0.8s)} 1-0

[Event "Stay Safe Play From Home 377"]
[Site "Emanuel Lasker Arena"]
[Date "2020.08.12"]
[Round "6"]
[White "Ao017545"]
[Black "Lamborghini"]
[Result "0-1"]
[WhiteElo "1518"]
[BlackElo "2255"]
[Annotator "NA"]
[PlyCount "58"]
[EventDate "2020.08.12"]
[EventType "swiss (blitz)"]

1. e4 {[%emt 0:00:02]} c5 {[%emt 0:00:01]} 2. Nf3 {[%emt 0:00:00]} d6 {[%emt 0:00:00]} 3. Bc4 {[%emt 0:00:01]} e6 {[%emt 0:00:01]} 4. Nc3 {[%emt 0:00:00]} a6 {[%emt 0:00:00]} 5. d3 {[%emt 0:00:00]} Nf6 {[%emt 0:00:01]} 6. Bg5 {[%emt 0:00:03]} Be7 {[%emt 0:00:00]} 7. e5 {[%emt 0:00:01]} dxe5 {[%emt 0:00:01]} 8. Nxe5 {[%emt 0:00:00]} O-O {[%emt 0:00:01]} 9. h4 {[%emt 0:00:03]} b5 {[%emt 0:00:01]} 10. Bb3 {[%emt 0:00:02]} Bb7 {[%emt 0:00:01]} 11. h5 {[%emt 0:00:06]} h6 {[%emt 0:00:02]} 12. Bxh6 {[%emt 0:00:08]} gxh6 {[%emt 0:00:02]} 13. Rh3 {[%emt 0:00:00]} Kh7 {[%emt 0:00:06]} 14. Rg3 {[%emt 0:00:06]} Nbd7 {[%emt 0:00:02]} 15. Nxf7 {[%emt 0:00:05]} Rxf7 {[%emt 0:00:01]} 16. Bxe6 {[%emt 0:00:00]} Rg7 {[%emt 0:00:04]} 17. Bf5+ {[%emt 0:00:01]} Kh8 {[%emt 0:00:02]} 18. Qd2 {[%emt 0:00:00]} Ng8 {[%emt 0:00:03]} 19. Rxg7 {[%emt 0:00:02]} Kxg7 {[%emt 0:00:01]} 20. O-O-O {[%emt 0:00:02]} Nf8 {[%emt 0:00:04]} 21. Re1 {[%emt 0:00:01]} Bf6 {[%emt 0:00:02]} 22. Re3 {[%emt 0:00:03]} Bg5 {[%emt 0:00:03]} 23. Qe2 {[%emt 0:00:01]} Nf6 {[%emt 0:00:02]} 24. f4 {[%emt 0:00:06]} Bxf4 {[%emt 0:00:01]} 25. Qg4+ {[%emt 0:00:01]} Nxg4 {[%emt 0:00:01]} 26. Bxg4 {[%emt 0:00:01]} Bxe3+ {[%emt 0:00:00]} 27. Kd1 {[%emt 0:00:01]} Qxd3+ {[%emt 0:00:02]} 28. cxd3 {[%emt 0:00:01]} Bxg2 {[%emt 0:00:00]} 29. Ke2 {[%emt 0:00:01]} Re8 {[%emt 0:00:01] Zaman Zaman Zaman (Lag: Av=0.62s, max=0.8s) (Lag: Av=0.62s, max=0.8s) (Lag: Av=0.62s, max=0.8s)} 0-1

[Event "Stay Safe Play From Home 377"]
[Site "Emanuel Lasker Arena"]
[Date "2020.08.12"]
[Round "6"]
[White "Klasman"]
[Black "buzaglo"]
[Result "0-1"]
[WhiteElo "1296"]
[BlackElo "1860"]
[Annotator "NA"]
[PlyCount "48"]
[EventDate "2020.08.12"]
[EventType "swiss (blitz)"]

1. f4 {[%emt 0:00:03]} e6 {[%emt 0:00:00]} 2. e4 {[%emt 0:00:01]} d5 {[%emt 0:00:00]} 3. e5 {[%emt 0:00:01]} c5 {[%emt 0:00:01]} 4. c4 {[%emt 0:00:01]} Nc6 {[%emt 0:00:00]} 5. cxd5 {[%emt 0:00:01]} exd5 {[%emt 0:00:00]} 6. Nf3 {[%emt 0:00:03]} Nd4 {[%emt 0:00:04]} 7. Nxd4 {[%emt 0:00:02]} cxd4 {[%emt 0:00:00]} 8. d3 {[%emt 0:00:01]} Bb4+ {[%emt 0:00:03]} 9. Bd2 {[%emt 0:00:01]} Bxd2+ {[%emt 0:00:01]} 10. Nxd2 {[%emt 0:00:03]} Qb6 {[%emt 0:00:00]} 11. Rb1 {[%emt 0:00:06]} Ne7 {[%emt 0:00:01]} 12. Be2 {[%emt 0:00:03]} g6 {[%emt 0:00:03]} 13. O-O {[%emt 0:00:02]} h5 {[%emt 0:00:01]} 14. h3 {[%emt 0:00:03]} Nf5 {[%emt 0:00:01]} 15. Qb3 {[%emt 0:00:07]} Qe6 {[%emt 0:00:10]} 16. Nf3 {[%emt 0:00:05]} Ng3 {[%emt 0:00:02]} 17. Rf2 {[%emt 0:00:02]} Nxe2+ {[%emt 0:00:01]} 18. Rxe2 {[%emt 0:00:01]} O-O {[%emt 0:00:01]} 19. Nxd4 {[%emt 0:00:01]} Qa6 {[%emt 0:00:03]} 20. Rc1 {[%emt 0:00:03]} Bf5 {[%emt 0:00:01]} 21. Nxf5 {[%emt 0:00:02]} gxf5 {[%emt 0:00:00]} 22. Re3 {[%emt 0:00:04]} Kh7 {[%emt 0:00:02]} 23. Qxd5 {[%emt 0:00:03]} Qe6 {[%emt 0:00:01]} 24. Qf3 {[%emt 0:00:02]} Qg6 {[%emt 0:00:02] Time Time Time (Lag: Av=0.49s, max=0.6s) (Lag: Av=0.49s, max=0.6s) (Lag: Av=0.49s, max=0.6s)} 0-1

[Event "Stay Safe Play From Home 377"]
[Site "Emanuel Lasker Arena"]
[Date "2020.08.12"]
[Round "7"]
[White "NTBT_DHS"]
[Black "MihailoVujic"]
[Result "1-0"]
[WhiteElo "2563"]
[BlackElo "2235"]
[PlyCount "61"]
[EventDate "2020.08.12"]
[EventType "swiss (blitz)"]

1. e3 {[%emt 0:00:03]} e5 {[%emt 0:00:00]} 2. g3 {[%emt 0:00:00]} Nc6 {[%emt 0:00:00]} 3. Bg2 {[%emt 0:00:00]} d5 {[%emt 0:00:00]} 4. Ne2 {[%emt 0:00:00]} Nf6 {[%emt 0:00:00]} 5. d4 {[%emt 0:00:00]} e4 {[%emt 0:00:01]} 6. c4 {[%emt 0:00:00]} Bf5 {[%emt 0:00:01]} 7. cxd5 {[%emt 0:00:01]} Nxd5 {[%emt 0:00:01]} 8. a3 {[%emt 0:00:00]} Bd6 {[%emt 0:00:01]} 9. Nbc3 {[%emt 0:00:00]} Nxc3 {[%emt 0:00:01]} 10. Nxc3 {[%emt 0:00:00]} Qe7 {[%emt 0:00:01]} 11. Qc2 {[%emt 0:00:02]} O-O {[%emt 0:00:02]} 12. Bxe4 {[%emt 0:00:00]} Bxe4 {[%emt 0:00:02]} 13. Qxe4 {[%emt 0:00:00]} Qf6 {[%emt 0:00:01]} 14. O-O {[%emt 0:00:01]} Rfe8 {[%emt 0:00:00]} 15. Qd3 {[%emt 0:00:01]} Qh6 {[%emt 0:00:01]} 16. e4 {[%emt 0:00:02]} Rad8 {[%emt 0:00:01]} 17. Bxh6 {[%emt 0:00:01]} gxh6 {[%emt 0:00:02]} 18. Rad1 {[%emt 0:00:01]} Be5 {[%emt 0:00:01]} 19. d5 {[%emt 0:00:02]} Nd4 {[%emt 0:00:01]} 20. f4 {[%emt 0:00:00]} Bg7 {[%emt 0:00:01]} 21. e5 {[%emt 0:00:00]} Ne6 {[%emt 0:00:01]} 22. Ne4 {[%emt 0:00:02]} c6 {[%emt 0:00:01]} 23. dxe6 {[%emt 0:00:02]} Rxd3 {[%emt 0:00:01]} 24. exf7+ {[%emt 0:00:00]} Kxf7 {[%emt 0:00:00]} 25. Rxd3 {[%emt 0:00:00]} Kg6 {[%emt 0:00:01]} 26. Rd6+ {[%emt 0:00:01]} Kh5 {[%emt 0:00:01]} 27. h3 {[%emt 0:00:01]} Bxe5 {[%emt 0:00:02]} 28. fxe5 {[%emt 0:00:01]} Rxe5 {[%emt 0:00:01]} 29. g4+ {[%emt 0:00:03]} Kh4 {[%emt 0:00:01]} 30. Rxh6+ {[%emt 0:00:00]} Rh5 {[%emt 0:00:01]} 31. Rxh5# {[%emt 0:00:00] (Lag: Av=0.92s, max=1.3s) (Lag: Av=0.92s, max=1.3s) (Lag: Av=0.92s, max=1.3s)} 1-0

[Event "Stay Safe Play From Home 377"]
[Site "Emanuel Lasker Arena"]
[Date "2020.08.12"]
[Round "7"]
[White "AChessPlayer"]
[Black "Tolka"]
[Result "1-0"]
[WhiteElo "2449"]
[BlackElo "2332"]
[PlyCount "127"]
[EventDate "2020.08.12"]
[EventType "swiss (blitz)"]

1. Nf3 {[%emt 0:00:01]} d6 {[%emt 0:00:00]} 2. g3 {[%emt 0:00:01]} Nf6 {[%emt 0:00:00]} 3. Bg2 {[%emt 0:00:00]} g6 {[%emt 0:00:00]} 4. O-O {[%emt 0:00:00]} Bg7 {[%emt 0:00:00]} 5. d4 {[%emt 0:00:01]} O-O {[%emt 0:00:00]} 6. a3 {[%emt 0:00:00]} Ne4 {[%emt 0:00:01]} 7. Nbd2 {[%emt 0:00:02]} Nxd2 {[%emt 0:00:01]} 8. Bxd2 {[%emt 0:00:00]} c6 {[%emt 0:00:00]} 9. c4 {[%emt 0:00:01]} e5 {[%emt 0:00:01]} 10. Bc3 {[%emt 0:00:00]} Nd7 {[%emt 0:00:01]} 11. Qc2 {[%emt 0:00:02]} Qe7 {[%emt 0:00:01]} 12. e4 {[%emt 0:00:01]} Re8 {[%emt 0:00:01]} 13. Rfe1 {[%emt 0:00:01]} Nf8 {[%emt 0:00:01]} 14. Rad1 {[%emt 0:00:01]} Bg4 {[%emt 0:00:01]} 15. h3 {[%emt 0:00:00]} Bxf3 {[%emt 0:00:00]} 16. Bxf3 {[%emt 0:00:00]} Ne6 {[%emt 0:00:01]} 17. d5 {[%emt 0:00:02]} Nd4 {[%emt 0:00:00]} 18. Bxd4 {[%emt 0:00:01]} exd4 {[%emt 0:00:00]} 19. Bg2 {[%emt 0:00:02]} c5 {[%emt 0:00:01]} 20. b4 {[%emt 0:00:02]} b6 {[%emt 0:00:01]} 21. Qd3 {[%emt 0:00:00]} a5 {[%emt 0:00:01]} 22. bxc5 {[%emt 0:00:02]} bxc5 {[%emt 0:00:01]} 23. Rb1 {[%emt 0:00:00]} Reb8 {[%emt 0:00:01]} 24. h4 {[%emt 0:00:01]} Qc7 {[%emt 0:00:03]} 25. f4 {[%emt 0:00:01]} Rxb1 {[%emt 0:00:00]} 26. Rxb1 {[%emt 0:00:00]} Rb8 {[%emt 0:00:00]} 27. Kh2 {[%emt 0:00:00]} Rxb1 {[%emt 0:00:02]} 28. Qxb1 {[%emt 0:00:00]} h5 {[%emt 0:00:02]} 29. Bf1 {[%emt 0:00:01]} a4 {[%emt 0:00:04]} 30. Qb5 {[%emt 0:00:02]} Kh7 {[%emt 0:00:03]} 31. Bd3 {[%emt 0:00:01]} Bf6 {[%emt 0:00:01]} 32. Qxa4 {[%emt 0:00:01]} Qe7 {[%emt 0:00:01]} 33. Qd1 {[%emt 0:00:02]} Bxh4 {[%emt 0:00:01]} 34. gxh4 {[%emt 0:00:00]} Qxh4+ {[%emt 0:00:00]} 35. Kg2 {[%emt 0:00:00]} Qxf4 {[%emt 0:00:00]} 36. Qf3 {[%emt 0:00:01]} Qd2+ {[%emt 0:00:01]} 37. Kh3 {[%emt 0:00:00]} Qc1 {[%emt 0:00:01]} 38. Qxf7+ {[%emt 0:00:01]} Kh6 {[%emt 0:00:00]} 39. Qf8+ {[%emt 0:00:01]} Kg5 {[%emt 0:00:00]} 40. Qe7+ {[%emt 0:00:02]} Kf4 {[%emt 0:00:01]} 41. Qf6+ {[%emt 0:00:01]} Ke3 {[%emt 0:00:02]} 42. Qf1 {[%emt 0:00:01]} Qd2 {[%emt 0:00:05]} 43. e5 {[%emt 0:00:02]} dxe5 {[%emt 0:00:02]} 44. d6 {[%emt 0:00:01]} e4 {[%emt 0:00:02]} 45. Bxe4 {[%emt 0:00:02]} Kxe4 {[%emt 0:00:01]} 46. Qg2+ {[%emt 0:00:07]} Qxg2+ {[%emt 0:00:06]} 47. Kxg2 {[%emt 0:00:00]} d3 {[%emt 0:00:00]} 48. d7 {[%emt 0:00:00]} d2 {[%emt 0:00:00]} 49. d8=Q {[%emt 0:00:00]} d1=Q {[%emt 0:00:00]} 50. Qxd1 {[%emt 0:00:01]} h4 {[%emt 0:00:00]} 51. Qf3+ {[%emt 0:00:00]} Kd4 {[%emt 0:00:01]} 52. Qd5+ {[%emt 0:00:00]} Kc3 {[%emt 0:00:00]} 53. Kh3 {[%emt 0:00:00]} Kb3 {[%emt 0:00:00]} 54. Qxc5 {[%emt 0:00:00]} Ka2 {[%emt 0:00:01]} 55. Qg5 {[%emt 0:00:00]} Kb3 {[%emt 0:00:00]} 56. Kxh4 {[%emt 0:00:00]} Ka2 {[%emt 0:00:00]} 57. Qxg6 {[%emt 0:00:00]} Kb3 {[%emt 0:00:00]} 58. c5 {[%emt 0:00:00]} Ka4 {[%emt 0:00:00]} 59. c6 {[%emt 0:00:00]} Kb3 {[%emt 0:00:00]} 60. c7 {[%emt 0:00:00]} Ka4 {[%emt 0:00:00]} 61. Qc6+ {[%emt 0:00:02]} Kb3 {[%emt 0:00:00]} 62. c8=Q {[%emt 0:00:00]} Kxa3 {[%emt 0:00:00]} 63. Q8b7 {[%emt 0:00:00]} Ka2 {[%emt 0:00:01]} 64. Qca6# {[%emt 0:00:00] (Lag: Av=0.40s, max=1.3s) (Lag: Av=0.40s, max=1.3s) (Lag: Av=0.40s, max=1.3s)} 1-0